000
00329nam a2200133Ia 4500
005
20251222155142.0
008
251222s9999||||xx |||||||||||||| ||spa||
082
_a
INV.31
100
_a
VIZCARRA CHAVEZ, Cesar.
245
0
_a
Metodología de la investigación científica
250
_a
1ra. ed.
264
_b
UIGV
942
_c
LIB
999
_c
39235
_d
39235